000 01247nam a22002297a 4500
001 6752
003 FISKH
005 20250523162153.0
008 250523b cb ||||| |||| 00| 0 eng d
020 _a9782330053123
040 _aFISKH
_bFrench
_cFISKH
_dFISKH
050 _aPQ2705.N273 B6813
082 _a843.92
100 _aEnard, Mathias
245 _aBoussole /
_cBy Mathias Enard
260 _aArles :
_bActes Sud ,
_c2015.
300 _a377 pages :
_billustrations ;
_c24 cm .
520 _a"As night falls over Vienna, Franz Ritter, an insomniac musicologist, takes to his sickbed with an unspecified illness and spends a restless night drifting between dreams and memories, revisiting the important chapters of his life: his ongoing fascination with the Middle East and his numerous travels to Istanbul, Aleppo, Damascus, and Tehran, as well as the various writers, artists, musicians, academics, orientalists, and explorers who populate this vast dreamscape. At the center of these memories is his elusive, unrequited love, Sarah, a fiercely intelligent French scholar caught in the intricate tension between Europe and the Middle East"--Amazon.com.
650 _aOrientalism
_vFiction
942 _2ddc
_cBK
_n0
999 _c6752
_d6752